Výpočet odvodov za zamestnancov a ich účtovanie v sústave podvojného účtovníctva

Účtovanie nákladov súvisiacich s účtovaním miezd a sociálneho a zdravotného poistenia. Zamestnanec na základe pracovnej zmluvy, poberateľ starobného dôchodku alebo predčasného starobného dôchodku. Zamestnanec na základe pracovnej zmluvy, poberateľ invalidného dôchodku s poklesom schopnosti vykonávať...

ver descrição completa

Na minha lista:
Detalhes bibliográficos
Autor principal: Pakšiová, Renáta, 1974-
Formato: Capítulo de Livro
Idioma:eslovaco
Assuntos:
Tags: Adicionar Tag
Sem tags, seja o primeiro a adicionar uma tag!

MARC

LEADER 00000naa a2200000 4500
001 0200768
005 20240502073408.5
041 0 |a slo 
044 |a SK 
245 1 0 |a Výpočet odvodov za zamestnancov a ich účtovanie v sústave podvojného účtovníctva  |c Renáta Pakšiová 
520 |a Účtovanie nákladov súvisiacich s účtovaním miezd a sociálneho a zdravotného poistenia. Zamestnanec na základe pracovnej zmluvy, poberateľ starobného dôchodku alebo predčasného starobného dôchodku. Zamestnanec na základe pracovnej zmluvy, poberateľ invalidného dôchodku s poklesom schopnosti vykonávať zárobkovú činnosť najviac o 70 percent, resp. viac ako o 70 percent. 
610 2 0 |a účtovníctvo podvojné 
610 2 0 |a odvody 
610 2 0 |a poistenie sociálne 
610 2 0 |a poistenie zdravotné 
610 2 0 |a zamestnanci 
100 1 |a Pakšiová, Renáta, 1974-